| 000 | 00354nam a2200109Ia 4500 | ||
|---|---|---|---|
| 008 | 160523s9999 xx 000 0 und d | ||
| 245 | 4 | _aThe Pinnacle Recruitment & Interview Method: 7 Steps to Revealing Candidate Dialogues | |
| 245 | _cOzan Dagdeviren. | ||
| 260 | _c2015 | ||
| 650 | _xPsychology. | ||
| 856 | _uhttp://www.smashwords.com/books/view/598496 | ||
| 999 |
_c294782 _d294782 |
||